A tél tekintete ; Forgalom ; Beljebb

Bibliographic Details
Main Author: Tranströmer, Tomas, 1931-2015 (Author)
Other Authors: Mervel, Ferenc, 1936-2004 (Translator)
Format: Article
Language:Slovak
Hungarian
Swedish
ISSN:1335-1826
Subjects:

MARC

LEADER 00000nab a2200000 a 4500
001 vtls000806029
003 SK-MaSNL
005 20260304112321.0
008 250429c2002 xo 0 slo
015 |a SNBRB2002/09-27755 
035 |a CLN000157684 
035 |a urn:nbn:sk:snk-abofe 
035 |a (urnnbn)urn:nbn:sk:snk:ar-00397g 
035 |a (uuid)ada217bb-d253-4190-99de-c60fdf638bd0 
040 |a SNKBUCL  |b slo  |c SNKBUCL  |e AACR2 
041 1 |a hun  |h swe 
044 |a xo  |c SK 
080 |a 839.7-1=945.11  |2 1997 
100 1 |a Tranströmer, Tomas,  |d 1931-2015  |4 aut  |9 175033 
245 1 0 |a A tél tekintete ; Forgalom ; Beljebb  |c Tomas Tranströmer ; fordította Mervel Ferenc 
655 7 |a švédska poézia  |2 snkbucl  |9 70586 
655 7 |a články z novín a časopisov  |2 snkbucl  |9 267496 
700 1 |a Mervel, Ferenc,  |d 1936-2004  |4 trl  |9 17438 
773 0 |t Kalligram  |g Č. 7-8 (2002), s. 2 obál., 88-89  |x 1335-1826 
850 |a Slovenská národná knižnica 
852 |a Slovenská národná knižnica 
958 |a article27 
958 |a OND 
958 |a HU 
958 |a SE 
958 |a LX 
992 |a RBX 
999 |c 2865261  |d 2867191